Ngữ pháp kinh nghiệm của cú tiếng Việt Mô tả theo quan điểm chức năng hệ thống

Zapisane w:
Opis bibliograficzny
1. autor: HOÀNG VĂN VÂN
Format: Książka
Język:Undetermined
Wydane: H. KHXH 2002
Hasła przedmiotowe:
Etykiety: Dodaj etykietę
Nie ma etykietki, Dołącz pierwszą etykiete!
Thư viện lưu trữ: Trung tâm Học liệu Trường Đại học Cần Thơ
LEADER 00566nam a2200181Ia 4500
001 CTU_50320
008 210402s9999 xx 000 0 und d
082 |a 495.9225 
082 |b V121 
100 |a HOÀNG VĂN VÂN 
245 0 |a Ngữ pháp kinh nghiệm của cú tiếng Việt 
245 0 |b Mô tả theo quan điểm chức năng hệ thống 
245 0 |c HOÀNG VĂN VÂN 
260 |a H. 
260 |b KHXH 
260 |c 2002 
650 |a vietnamese language - syntaxes 
980 |a Trung tâm Học liệu Trường Đại học Cần Thơ